000 00676nam a2200205 i 4500
001 140935
003 ES-MaACL
005 20230906200202.0
007 t|
008 070918s1951 fr ||||1| fre d
100 1 _aWerfel, Franz.
_9116500
245 1 2 _aL'etoile de ceux que ne sont pas nés /
_cFranz Werfel ; traduit de l'allemand par Gilberte Marchegay.
260 _aParis :
_bPlon,
_c[1951]
300 _aIII, 569 p. ;
_c23 cm.
490 1 _aFeux croisés. Ames et terres étrangéres
700 1 _aMarchegay, Gilberte.
_976415
830 0 _aFeux croisés. Ames et terres étrangéres
_9187191
852 _aES-MaACL
_jD-6001
_bR.31644
999 _c140935
_d140935